ห้องสมุด วิทยาลัยพยาบาลบรมราชชนนี อุดรธานี
Boromarajonani College of Nursing, Udonthani
เปลี่ยนเป็นภาษาไทย

Change to English
 แสดงรายละเอียดบรรณานุกรม
  กลับหน้าหลัก

Brief Record : Get Marc (ISO 2709) : E-mail record : QR code ปิดหน้าต่าง
หนังสืออ้างอิง : เกี่ยวกับ Collections
mysqli: Table './ulib2015/stat_globaluid' is marked as crashed and last (automatic?) repair failed
select id from stat_globaluid where statuid='20260419094201_1777' 
mysqli: Table './ulib2015/stat_globaluid' is marked as crashed and last (automatic?) repair failed
DELETE FROM stat_globaluid
			WHERE id NOT IN (
			  SELECT id
			  FROM (
				SELECT id
				FROM stat_globaluid
				ORDER BY id DESC
				LIMIT 100
			  ) foo
			); 
mysqli: Table './ulib2015/stat_globaluid' is marked as crashed and last (automatic?) repair failed
insert into stat_globaluid set
		statuid='20260419094201_1777',
		dt='1776566521',
		phpself='/ULIB/dublinfull.php',
		agent='Mozilla/5.0 AppleWebKit/537.36 (KHTML, like Gecko; compatible; ClaudeBot/1.0; +claudebot@anthropic.com)',
		yea='2026',
		mon='4',
		dat='19',
		ip='216.73.216.142'
		
		
LEADER 00674nam 2200229 a 4500
001    9887
003     ULIBM
008    210411s2536 th m a001 0 tha d
050  4 ^a WQ 100^bม285ก 2536.
245 10 ^aการเตรียมเป็นบิดามารดา/^cขอนแก่น, มหาวิทยาลัย.
250    ^aพิมพ์ครั้งที่ 1.
260    ^aขอนแก่น:^bมหาวิทยาลัยขอนแก่น,^c2536.
300    ^a 227 หน้า :^bภาพประกอบ.
650  7 ^aการเตรียมเป็นบิดา--การเตรียมเป็นมารดา.
945    ^p0^l0^i8828
945    ^p0^l0^i8829
999     ^aลิขิตลักษณ์
รายการนี้ยังไม่มีแท็ก
คุณยังไม่ได้ล็อกอิน คุณสามารถมีกิจกรรมร่วมกับเว็บไซต์ได้ แต่ต้องล็อกอินก่อน ::
  ล็อกอิน
ลำดับที่ ประเภท เลขเรียก/บาร์โค้ด สถานที่ สถานะ
1. หนังสือการพยาบาล
หนังสือการพยาบาล
WQ 100 ม285ก 2536.  
  Barcode: 8828
หนังสือทั่วไป On Shelf
2. หนังสือการพยาบาล
หนังสือการพยาบาล
WQ 100 ม285ก 2536. ฉ.2 
  Barcode: 8829
หนังสือทั่วไป On Shelf
   [แสดง 2/2 รายการ]

mysqli: Can't create/write to file '/var/tmp/#sql_59d_0.MAI' (Errcode: 2)
select * from index_db where titl like '%การเตรียมเป็นบิดามารดา/ ขอนแก่น, มหาวิทยาลัย.%' and mid<>'9887'  order by rand() limit 3
mysqli: Can't create/write to file '/var/tmp/#sql_59d_0.MAI' (Errcode: 2)
select * from index_db where subj like '%การเตรียมเป็นบิดา--การเตรียมเป็นมารดา.%' and mid<>'9887'  order by rand() limit 3

BibComment


ยังไม่เคยถูกคอมเมนท์

คอมเมนท์ทรัพยากรรายการนี้
  คอมเมนท์: การเตรียมเป็นบิด..
Bib 9887

 
 
 

 Union Library Management : ULibM
Copyright 2026. All Rights Reserved.